Pokemon Gen 5-8 - Statistics

General Stats
  • This quiz has been taken 24 times
  • The average score is 346 of 397
Answer Stats
Number Type Name % Correct
842 Grass/Dragon Appletun
100%
683 Fairy Aromatisse
100%
713 Ice Avalugg
100%
625 Dark/Steel Bisharp
100%
522 Electric Blitzle
100%
836 Electric Boltund
100%
761 Grass Bounsweet
100%
654 Fire Braixen
100%
729 Water Brionne
100%
659 Normal Bunnelby
100%
737 Bug/Electric Charjabug
100%
652 Grass/Fighting Chesnaught
100%
650 Grass Chespin
100%
815 Fire Cinderace
100%
638 Steel/Fighting Cobalion
100%
790 Psychic Cosmoem
100%
789 Psychic Cosmog
100%
723 Grass/Flying Dartrix
100%
724 Grass/Ghost Decidueye
100%
702 Electric/Fairy Dedenne
100%
585 Normal/Grass Deerling
100%
633 Dark/Dragon Deino
100%
655 Fire/Psychic Delphox
100%
502 Water Dewott
100%
680 Steel/Ghost Doublade
100%
780 Normal/Dragon Drampa
100%
832 Normal Dubwool
100%
875 Ice Eiscue
100%
500 Fire/Fighting Emboar
100%
587 Electric/Flying Emolga
100%
677 Psychic Espurr
100%
653 Fire Fennekin
100%
669 Fairy Flabébé
100%
661 Normal/Flying Fletchling
100%
670 Fairy Floette
100%
671 Fairy Florges
100%
753 Grass Fomantis
100%
592 Water/Ghost Frillish
100%
656 Water Froakie
100%
657 Water Frogadier
100%
526 Rock Gigalith
100%
706 Dragon Goodra
100%
704 Dragon Goomy
100%
574 Psychic Gothita
100%
658 Water/Dark Greninja
100%
810 Grass Grookey
100%
631 Fire Heatmor
100%
720 Psychic/Ghost Hoopa
100%
635 Dark/Dragon Hydreigon
100%
859 Dark/Fairy Impidimp
100%
727 Fire/Dark Incineroar
100%
686 Dark/Psychic Inkay
100%
818 Water Inteleon
100%
707 Steel/Fairy Klefki
100%
646 Dragon/Ice Kyurem
100%
645 Ground/Flying Landorus
100%
510 Dark Liepard
100%
667 Fire/Normal Litleo
100%
725 Fire Litten
100%
607 Ghost/Fire Litwick
100%
792 Psychic/Ghost Lunala
100%
687 Dark/Psychic Malamar
100%
809 Steel Melmetal
100%
808 Steel Meltan
100%
678 Psychic Meowstic
100%
866 Ice/Psychic Mr. Rime
100%
804 Poison/Dragon Naganadel
100%
827 Dark Nickit
100%
714 Flying/Dragon Noibat
100%
715 Flying/Dragon Noivern
100%
862 Dark/Normal Obstagoon
100%
741 Varies/Flying Oricorio
100%
501 Water Oshawott
100%
515 Water Panpour
100%
511 Grass Pansage
100%
513 Fire Pansear
100%
624 Dark/Steel Pawniard
100%
499 Fire/Fighting Pignite
100%
731 Normal/Flying Pikipek
100%
728 Water Popplio
100%
730 Water/Fairy Primarina
100%
509 Dark Purrloin
100%
668 Fire/Normal Pyroar
100%
651 Grass Quilladin
100%
814 Fire Raboot
100%
643 Dragon/Fire Reshiram
100%
812 Grass Rillaboom
100%
821 Flying Rookidee
100%
722 Grass/Flying Rowlet
100%
503 Water Samurott
100%
586 Normal/Grass Sawsbuck
100%
813 Fire Scorbunny
100%
497 Grass Serperior
100%
496 Grass Servine
100%
516 Water Simipour
100%
512 Grass Simisage
100%
514 Fire Simisear
100%
865 Fighting Sirfetch'd
100%
685 Fairy Slurpuff
100%
495 Grass Snivy
100%
816 Water Sobble
100%
791 Psychic/Steel Solgaleo
100%
682 Fairy Spritzee
100%
762 Grass Steenee
100%
684 Fairy Swirlix
100%
700 Fairy Sylveon
100%
663 Fire/Flying Talonflame
100%
498 Fire Tepig
100%
641 Flying Tornadus
100%
726 Fire Torracat
100%
733 Normal/Flying Toucannon
100%
763 Grass Tsareena
100%
696 Rock/Dragon Tyrunt
100%
582 Ice Vanillite
100%
494 Psychic/Fire Victini
100%
738 Bug/Electric Vikavolt
100%
640 Grass/Fighting Virizion
100%
666 Bug/Flying Vivillon
100%
721 Fire/Water Volcanion
100%
831 Normal Wooloo
100%
716 Fairy Xerneas
100%
835 Electric Yamper
100%
734 Normal Yungoos
100%
717 Dark/Flying Yveltal
100%
888 Fairy Zacian
100%
889 Fighting Zamazenta
100%
523 Electirc Zebstrika
100%
644 Dragon/Electric Zekrom
100%
634 Dark/Dragon Zweilous
100%
718 Dragon/Ground Zygarde
100%
681 Steel/Ghost Aegislash
86%
869 Fairy Alcremie
86%
698 Rock/Ice Amaura
86%
840 Grass/Dragon Applin
86%
752 Water/Bug Araquanid
86%
566 Rock/Flying Archen
86%
567 Rock/Flying Archeops
86%
883 Water/Ice Arctovish
86%
881 Electric/Ice Arctozolt
86%
846 Water Arrokuda
86%
531 Normal Audino
86%
699 Rock/Ice Aurorus
86%
610 Dragon Axew
86%
847 Water Barraskewda
86%
606 Psychic Beheeyem
86%
712 Ice Bergmite
86%
824 Bug Blipbug
86%
525 Rock Boldore
86%
628 Normal/Flying Braviary
86%
779 Water/Psychic Bruxish
86%
794 Bug/Fighting Buzzwole
86%
838 Rock/Fire Carkol
86%
851 Fire/Bug Centiskorch
86%
609 Ghost/Fire Chandelure
86%
833 Water Chewtle
86%
839 Rock/Fire Coalossal
86%
563 Ghost Cofagrigus
86%
764 Fairy Comfey
86%
534 Fighting Conkeldurr
86%
879 Steel Copperajah
86%
823 Flying/Steel Corviknight
86%
822 Flying Corvisquire
86%
546 Grass Cottonee
86%
845 Flying/Water Cramorant
86%
558 Bug/Rock Crustle
86%
878 Steel Cufant
86%
864 Ghost Cursola
86%
742 Bug/Fairy Cutiefly
86%
555 Fire Darmanitan
86%
751 Water/Bug Dewpider
86%
781 Ghost/Grass Dhelmise
86%
719 Rock/Fairy Diancie
86%
660 Normal/Ground Diggersby
86%
825 Bug/Psychic Dottler
86%
882 Water/Dragon Dracovish
86%
880 Electric/Dragon Dracozolt
86%
887 Dragon/Ghost Dragapult
86%
886 Dragon/Ghost Drakloak
86%
834 Water/Rock Drednaw
86%
885 Dragon/Ghost Dreepy
86%
529 Ground Drilbur
86%
817 Water Drizzile
86%
580 Water/Flying Ducklett
86%
884 Steel/Dragon Duraludon
86%
632 Bug/Steel Durant
86%
557 Bug/Rock Dwebble
86%
830 Grass Eldegoss
86%
605 Psychic Elgyem
86%
890 Poison/Dragon Eternatus
86%
530 Ground/Steel Excadrill
86%
870 Fighting Falinks
86%
841 Grass/Dragon Flapple
86%
662 Fire/Flying Fletchinder
86%
611 Dragon Fraxure
86%
873 Ice/Bug Frosmoth
86%
676 Normal Furfrou
86%
649 Bug/Steel Genesect
86%
673 Grass Gogoat
86%
622 Ground/Ghost Golett
86%
768 Bug/Water Golisopod
86%
623 Ground/Ghost Golurk
86%
829 Grass Gossifleur
86%
576 Psychic Gothitelle
86%
575 Psychic Gothorita
86%
711 Ghost/Grass Gourgeist
86%
820 Normal Greedent
86%
861 Dark/Fairy Grimmsnarl
86%
736 Bug Grubbin
86%
735 Normal Gumshoos
86%
533 Fighting Gurdurr
86%
799 Dark/Dragon Guzzlord
86%
856 Psychic Hatenna
86%
858 Psychic/Fairy Hatterene
86%
857 Psychic Hattrem
86%
701 Fighting/Flying Hawlucha
86%
612 Dragon Haxorus
86%
695 Electric/Normal Heliolisk
86%
694 Electric/Normal Helioptile
86%
507 Normal Herdier
86%
679 Steel/Ghost Honedge
86%
876 Psychic/Normal Indeedee
86%
782 Dragon Jangmo-o
86%
593 Water/Ghost Jellicent
86%
595 Bug/Electric Joltik
86%
600 Steel Klang
86%
599 Steel Klink
86%
601 Steel Klinklang
86%
784 Dragon/Fighting Kommo-o
86%
608 Ghost/Fire Lampent
86%
636 Bug/Fire Larvesta
86%
542 Bug/Grass Leavanny
86%
549 Grass Lilligant
86%
506 Normal Lillipup
86%
754 Grass Lurantis
86%
745 Rock Lycanroc
86%
801 Steel/Fairy Magearna
86%
630 Dark/Flying Mandibuzz
86%
747 Poison/Water Mareanie
86%
648 Normal/Psychic Meloetta
86%
619 Fighting Mienfoo
86%
620 Fighting Mienshao
86%
868 Fairy Milcery
86%
778 Ghost/Fairy Mimikyu
86%
572 Normal Minccino
86%
860 Dark/Fairy Morgrem
86%
877 Electric/Dark Morpeko
86%
749 Ground Mudbray
86%
750 Ground Mudsdale
86%
517 Psychic Munna
86%
826 Bug/Psychic Orbeetle
86%
674 Fighting Pancham
86%
675 Fighting/Dark Pangoro
86%
766 Fighting Passimian
86%
863 Steel Perrserker
86%
708 Ghost/Grass Phantump
86%
519 Normal/Flying Pidove
86%
871 Electric Pincurchin
86%
803 Poison Poipole
86%
855 Ghost Polteageist
86%
710 Ghost/Grass Pumpkaboo
86%
744 Rock Rockruff
86%
524 Rock Roggenrola
86%
837 Rock Rolycoly
86%
627 Normal/Flying Rufflet
86%
867 Ground/Ghost Runerigus
86%
757 Poison/Fire Salandit
86%
758 Poison/Fire Salazzle
86%
664 Bug Scatterbug
86%
545 Bug/Poison Scolipede
86%
560 Dark/Fighting Scrafty
86%
559 Dark/Fighting Scraggy
86%
540 Bug/Grass Sewaddle
86%
854 Ghost Sinistea
86%
850 Fire/Bug Sizzlipede
86%
672 Grass Skiddo
86%
819 Normal Skwovet
86%
705 Dragon Sliggoo
86%
872 Ice/Bug Snom
86%
665 Bug Spewpa
86%
874 Rock Stonjourner
86%
508 Normal Stoutland
86%
541 Bug/Grass Swadloon
86%
581 Water/Flying Swanna
86%
528 Psychic/Flying Swoobat
86%
787 Grass/Fairy Tapu Bulu
86%
788 Water/Fairy Tapu Fini
86%
785 Electric/Fairy Tapu Koko
86%
786 Psychic/Fairy Tapu Lele
86%
639 Rock/Fighting Terrakion
86%
828 Dark Thievul
86%
642 Electric/Flying Thundurus
86%
811 Grass Thwackey
86%
532 Fighting Timburr
86%
777 Electric/Steel Togedemaru
86%
748 Poison/Water Toxapex
86%
848 Electric/Poison Toxel
86%
849 Electric/Poison Toxtricity
86%
520 Normal/Flying Tranquill
86%
709 Ghost/Grass Trevenant
86%
732 Normal/Flying Trumbeak
86%
776 Fire/Dragon Turtonator
86%
602 Electric Tynamo
86%
697 Rock/Dragon Tyrantrum
86%
521 Normal/Flying Unfezant
86%
583 Ice Vanillish
86%
584 Ice Vanilluxe
86%
543 Bug/Poison Venipede
86%
637 Bug/Fire Volcarona
86%
629 Dark/Flying Vullaby
86%
505 Normal Watchog
86%
547 Grass Whimsicott
86%
544 Bug/Poison Whirlipede
86%
746 Water Wishiwashi
86%
527 Psychic/Flying Woobat
86%
562 Ghost Yamask
86%
570 Dark Zorua
86%
617 Bug Accelgor
71%
594 Water Alomomola
71%
689 Rock/Water Barbaracle
71%
550 Water Basculin
71%
614 Ice Beartic
71%
760 Normal/Fighting Bewear
71%
688 Rock/Water Binacle
71%
806 Fire/Ghost Blacephalon
71%
703 Rock/Fairy Carbink
71%
565 Water/Rock Carracosta
71%
797 Steel/Flying Celesteela
71%
573 Normal Cinccino
71%
692 Water Clauncher
71%
693 Water Clawitzer
71%
852 Fighting Clobbopus
71%
740 Fighting/Ice Crabominable
71%
739 Fighting Crabrawler
71%
615 Ice Cryogonal
71%
613 Ice Cubchoo
71%
554 Fire Darumaka
71%
691 Poison/Dragon Dragalge
71%
621 Dragon Druddigon
71%
578 Psychic Duosion
71%
603 Electric Eelektrik
71%
604 Electric Eelektross
71%
589 Bug/Steel Escavalier
71%
597 Grass/Steel Ferroseed
71%
598 Grass/Steel Ferrothorn
71%
590 Grass/Poison Foongus
71%
596 Bug/Electric Galvantula
71%
569 Poison Garbodor
71%
853 Fighting Grapploct
71%
783 Dragon/Fighting Hakamo-o
71%
588 Bug Karrablast
71%
798 Grass/Steel Kartana
71%
552 Ground/Dark Krokorok
71%
553 Ground/Dark Krookodile
71%
556 Grass Maractus
71%
802 Fighting/Ghost Marshadow
71%
774 Rock/Flying Minior
71%
755 Grass/Fairy Morelull
71%
518 Psychic Musharna
71%
800 Psychic Necrozma
71%
793 Rock/Poison Nihilego
71%
765 Normal/Psychic Oranguru
71%
770 Ghost/Ground Palossand
71%
536 Water/Ground Palpitoad
71%
504 Normal Patrat
71%
548 Grass Petilil
71%
795 Bug/Fighting Pheromosa
71%
579 Psychic Reuniclus
71%
743 Bug/Fairy Ribombee
71%
844 Ground Sandaconda
71%
551 Ground/Dark Sandile
71%
769 Ghost/Ground Sandygast
71%
539 Fighting Sawk
71%
537 Water/Ground Seismitoad
71%
616 Bug Shelmet
71%
756 Grass/Fairy Shiinotic
71%
561 Psychic/Flying Sigilyph
71%
843 Ground Silicobra
71%
690 Poison/Water Skrelp
71%
577 Psychic Solosis
71%
805 Rock/Steel Stakataka
71%
759 Normal/Fighting Stufful
71%
538 Fighting Throh
71%
564 Water/Rock Tirtouga
71%
568 Poison Trubbish
71%
535 Water Tympole
71%
767 Bug/Water Wimpod
71%
796 Electric Xurkitree
71%
807 Electric Zeraora
71%
571 Dark Zoroark
71%
591 Grass/Poison Amoonguss
57%
626 Normal Bouffalant
57%
647 Water/Fighting Keldeo
57%
775 Normal Komala
57%
771 Water Pyukumuku
57%
773 Normal Silvally
57%
618 Ground/Electric Stunfisk
57%
772 Normal Type: Null
57%
No matching quizzes found
Score Distribution
Percent of People with Each Score
Percentile by Number Answered
Your Score History
You have not taken this quiz